000 00287nam a2200109Ia 4500
008 190911s9999||||xx |||||||||||||| ||und||
100 _aJaved Jeelani
245 0 _aIndian Muslims through Thirteen Decades 1857 to 1987
260 _aKarachi
_bRoyal Book
_c1992
300 _a150
942 _cBK
999 _c6919
_d6919